Groups to empower battered women
| VerfasserInnen: | ; |
|---|---|
| Medienart: | Druck Aufsatz |
| Sprache: | Englisch |
| Veröffentlicht: |
1992
|
| In: |
Affilia
Jahr: 1992, Band: 7, Heft: 4, Seiten: 82-95 |
| Bestand in Tübingen: | In Tübingen vorhanden. IFK: 7687 |
| Verfügbarkeit prüfen: | HBZ Gateway |
| Schlagwörter: |
MARC
| LEADER | 00000caa a22000002c 4500 | ||
|---|---|---|---|
| 001 | 1640297499 | ||
| 003 | DE-627 | ||
| 005 | 20220608131640.0 | ||
| 007 | tu | ||
| 008 | 160223s1992 xx ||||| 00| ||eng c | ||
| 035 | |a (DE-627)1640297499 | ||
| 035 | |a (DE-576)456108629 | ||
| 035 | |a (DE-599)BSZ456108629 | ||
| 040 | |a DE-627 |b ger |c DE-627 |e rakwb | ||
| 041 | |a eng | ||
| 100 | 1 | |a Wood, Gale Goldberg |0 (DE-627)1257391089 |0 (DE-576)187391084 |4 aut | |
| 109 | |a Wood, Gale Goldberg |a Goldberg Wood, Gale | ||
| 245 | 1 | 0 | |a Groups to empower battered women |c Gale Goldberg Wood, Ruth R. Middleman |
| 264 | 1 | |c 1992 | |
| 336 | |a Text |b txt |2 rdacontent | ||
| 337 | |a ohne Hilfsmittel zu benutzen |b n |2 rdamedia | ||
| 338 | |a Band |b nc |2 rdacarrier | ||
| 700 | 1 | |a Middleman, Ruth R. |4 aut | |
| 773 | 0 | 8 | |i In |t Affilia |d Newsbury Park, Calif. [u.a.] : Sage Publ., 1986 |g 7(1992), 4, Seite 82-95 |w (DE-627)170316483 |w (DE-600)1040358-9 |w (DE-576)106473581 |x 0886-1099 |7 nnas |
| 773 | 1 | 8 | |g volume:7 |g year:1992 |g number:4 |g pages:82-95 |
| 935 | |a mkri | ||
| 951 | |a AR | ||
| ELC | |b 1 | ||
| LOK | |0 000 xxxxxcx a22 zn 4500 | ||
| LOK | |0 001 3301836232 | ||
| LOK | |0 003 DE-627 | ||
| LOK | |0 004 1640297499 | ||
| LOK | |0 005 20160223101600 | ||
| LOK | |0 008 160208||||||||||||||||ger||||||| | ||
| LOK | |0 040 |a DE-21-110 |c DE-627 |d DE-21-110 | ||
| LOK | |0 689 |a s |a Feminismus | ||
| LOK | |0 689 |a s |a Frauenhäuser | ||
| LOK | |0 689 |a s |a Gewalt in der Ehe | ||
| LOK | |0 689 |a s |a Gehirnwäsche | ||
| LOK | |0 689 |a s |a USA | ||
| LOK | |0 852 |a DE-21-110 | ||
| LOK | |0 852 1 |c 7687 |m p |9 00 | ||
| LOK | |0 935 |a k110 | ||
| LOK | |0 938 |k p | ||
| LOK | |0 939 |a 08-02-16 |b l01 | ||
| ORI | |a SA-MARC-krimdoka001.raw | ||
| SIG | |a IFK: 7687 | ||
